00813nam a22002297a 4500999001300000001000500013003000900018005001700027008004100044020001500085040003800100082002400138100002300162245006800185260003300253300002400286504003900310651005300349651004700402942001200449952012200461 c474d4741845BD-DhUAP20200122154113.0200122s1976 nyu||||| |||b 001 0 eng d a0393055957 aBD-DhUAPbEngcBD-DhUAPdBD-DhUAP 223a330.9730925 HEL aHeller, Walter W.  aThe economy : bold myths and new realities /cWalter W Heller. aNew York : bNorton,cc1976. a224 pages ;c21 cm. aIncludes bibliographies and index. a United StatesvEconomic conditionsy1971-1981.  aUnited StatesvEconomic policyy1971-1981. 2ddccBK 00102ddc4070aUAPCLbUAPCLcGeneral Stacksd2020-01-22o330.9730925 HELp3010001845r2020-01-22t1w2020-01-22yBK